00793nam a2200217 a 450000100100000000500170001000800410002702000150006804000250008308200130010810000390012124500980016026000610025830000200031949000190033958600490035883000250040704900090043295201170044199900170055800002562420200930023926.0110218s1991 sp r 000 0 spa d a8478200967 aDO-SdBNPbspacBNPHU ann*bnn*1 aRedondo Andújar, Antonio.95232210aFantasmagorías entre poemas de amor que no deben ser cantados /cAntonio Redondo Andújar. aZaragoza :bInstitución Fernando el Católico,c1991. a54 p. ;c24 cm.1 aSan Jorge.v61 aPremio del VI Concurso "Isabel de Portugal". 0aSan Jorgev61914367 aBNGR 001054708MOaGRbGRcCTd2011-02-18iLF1l0onn* nn*p25624-10r2020-06-25w2020-06-25y4ZPréstamo en sala c25116d25116